000 00350 a2200157 4500
003 Nust
005 20170207153455.0
040 _cNust
082 _a912
100 _aJohnson S.C
245 _aThe penguin Political Atlas
_cS.C Johnson
260 _aNew York
_bPenguin Book
300 _a207
538 _aAlmirah No.60 and Shelf No.1
650 _a Atlas
942 _2ddc
_cBK
999 _c187066
_d187066